Bible by Letter - W - Statistics

General Stats
  • This quiz has been taken 63 times
  • The average score is 12 of 15
Answer Stats
Hint Answer % Correct
Jesus' first miracle: Turning ____ into ____ Water
100%
Jesus' first miracle: Turning ____ into ____ Wine
98%
For God so loved the _____ that He gave His one and only Son... World
94%
The part of Jericho that fell down Wall(s)
92%
Shortest Bible verse: Jesus ____ Wept
88%
Grain used to make bread in the Bible Wheat
85%
In the beginning was the ____, and the ____ was with God, and the ____ was God Word
83%
Also known as the magi (hint: Numbers unknown!) Wise men
79%
What they did in the above for 40 years Wander
77%
To praise God and glorify his name Worship
75%
...that _______ believes in Him shall not perish, but have eternal life Whoever
73%
The Israelites were in the _______ for 40 years Wilderness
73%
Near what village object did Jesus talk to the Samaritan about living (one of the above answers) Well
58%
Type of person who Elijah (through God's power) gave unlimited oil Widow
46%
Group of Books of the Bible including Job, Psalms, Proverbs, Ecclesiastes Wisdom
40%
No matching quizzes found
Score Distribution
Percent of People with Each Score
Percentile by Number Answered
Your Score History
You have not taken this quiz